Catálogo

DISSECTION OF THE CAT : (Registro nro. 17193)

Detalles MARC
000 -LEADER
fixed length control field 00488nam a2200169 a 4500
001 - CONTROL NUMBER
control field 17193
005 - DATE AND TIME OF LATEST TRANSACTION
control field 20180713210310.0
008 - FIXED-LENGTH DATA ELEMENTS--GENERAL INFORMATION
fixed length control field 140415s1970 xxk 000 0 eng d
041 ## - LANGUAGE CODE
Language code of text/sound track or separate title eng
082 ## - DEWEY DECIMAL CLASSIFICATION NUMBER
Classification number 619.8
Item number HAR
100 1# - MAIN ENTRY--PERSONAL NAME
Personal name HARRISON, BRUCE M.
245 10 - TITLE STATEMENT
Title DISSECTION OF THE CAT :
Remainder of title (AND COMPARISONS WITH MAN)
250 ## - EDITION STATEMENT
Edition statement 6a ed.
260 ## - PUBLICATION, DISTRIBUTION, ETC.
Place of publication, distribution, etc. GRAN BRETAÑA :
Name of publisher, distributor, etc. MOSBY COMPANY,
Date of publication, distribution, etc. 1970
300 ## - PHYSICAL DESCRIPTION
Extent 198
650 14 - SUBJECT ADDED ENTRY--TOPICAL TERM
Topical term or geographic name entry element MEDICINA EXPERIMENTAL
General subdivision MEDICINA
-- INVESTIGACIONES
Existencias
Withdrawn status Lost status Source of classification or shelving scheme Damaged status Not for loan Collection code Home library Current library Shelving location Date acquired Source of acquisition Inventory number Total Checkouts Full call number Barcode Date last seen Date last checked out Price effective from Koha item type
    Dewey Decimal Classification     General Biblioteca Karol Wojtyla Biblioteca Karol Wojtyla Sala general 03/12/2013 Compra 151000000000000000003497 1 619.8 HAR 35330 16/04/2026 13/04/2026 03/12/2013 Libro